Dynamic optimization: the calculus of variations and optimal control in economics and management (Record no. 1400887)
[ view plain ]
| 000 -LEADER | |
|---|---|
| fixed length control field | 00662nam a22001937a 4500 |
| 005 - DATE AND TIME OF LATEST TRANSACTION | |
| control field | 20250514164919.0 |
| 008 - FIXED-LENGTH DATA ELEMENTS--GENERAL INFORMATION | |
| fixed length control field | 250514b |||||||| |||| 00| 0 eng d |
| 020 ## - INTERNATIONAL STANDARD BOOK NUMBER | |
| International Standard Book Number | 0444004246 |
| 037 ## - SOURCE OF ACQUISITION | |
| Terms of availability | Textual |
| 040 ## - CATALOGING SOURCE | |
| Original cataloging agency | RTL |
| Transcribing agency | RTL |
| 084 ## - COLON CLASSIFICATION NUMBER | |
| Classification number | B7:7, M1/NTI |
| Assigning agency | RTL |
| 100 ## - MAIN ENTRY--PERSONAL NAME | |
| Personal name | Kamien, Morton I. |
| 9 (RLIN) | 784405 |
| 245 ## - TITLE STATEMENT | |
| Title | Dynamic optimization: the calculus of variations and optimal control in economics and management |
| 260 ## - PUBLICATION, DISTRIBUTION, ETC. | |
| Place of publication, distribution, etc. | New York |
| Name of publisher, distributor, etc. | Elsevier North Holland |
| Date of publication, distribution, etc. | 1981 |
| 300 ## - PHYSICAL DESCRIPTION | |
| Extent | xi, 331 p. |
| Other physical details | includes bibliographical references and indexes |
| 490 ## - SERIES STATEMENT | |
| Volume/sequential designation | Series Vol. 4 |
| 700 ## - ADDED ENTRY--PERSONAL NAME | |
| Personal name | Schwartz, Nancy L. |
| 9 (RLIN) | 784406 |
| 942 ## - ADDED ENTRY ELEMENTS (KOHA) | |
| Source of classification or shelving scheme | Colon Classification (CC) |
| Koha item type | Textbook |
| Classification part | B7:7, M1/NTI |
| Suppress in OPAC | No |
| Withdrawn status | Lost status | Source of classification or shelving scheme | Damaged status | Not for loan | Home library | Current library | Date acquired | Total Checkouts | Full call number | Barcode | Date last seen | Price effective from | Koha item type |
|---|---|---|---|---|---|---|---|---|---|---|---|---|---|
| Colon Classification (CC) | Ratan Tata Library | Ratan Tata Library | 2025-05-14 | B7:7, M1/NTI | RT0720712 | 2025-05-14 | 2025-05-14 | Textbook |
